| 000 | 01069cab a2200325 4500 | ||
|---|---|---|---|
| 001 | WB2743-37 | ||
| 008 | 090401t1991 xxu||||| |||| 00| 0 eng d | ||
| 035 | _a(Sirsi) u34225 | ||
| 041 | _aeng | ||
| 245 | _aDetails of council tax published | ||
| 260 | _c1991 | ||
| 350 | _a0 | ||
| 490 |
_aFinancial Times _v2 November 1991, 3-22 |
||
| 490 |
_aDoE News Release _v(652) 1 November 1991 (4) |
||
| 520 | _aDetails of the council tax are published in the Local Government Finance Bill; notably students are to be exempt, there will be no central register of those liable for the tax and properties will be allocated to one of the eight valuation bands. | ||
| 650 | _aBANDING | ||
| 650 | _aCOUNCIL TAX | ||
| 650 | _aEXEMPTIONS | ||
| 650 | _aLOCAL GOVERNMENT FINANCE BILL | ||
| 650 |
_aRESIDENTIAL PROPERTY _96266 |
||
| 650 | _aSECOND HOMES | ||
| 650 | _aSTUDENTS | ||
| 650 | _aTRANSITIONAL RELIEF | ||
| 650 | _aVACANT PROPERTY | ||
| 650 | _aVALUATION LIST | ||
| 650 |
_aValuation _96273 |
||
| 690 | _aTAXATION | ||
| 942 | _n0 | ||
| 948 | _c04/03/1997 | ||
| 999 |
_c22698 _d22698 |
||